[Event "Rated Blitz game"]
[Site "?"]
[Date "2021.10.14"]
[Round "?"]
[White "mandarria"]
[Black "RCompany_1"]
[Result "1-0"]
[WhiteElo "2516"]
[BlackElo "2492"]
[PlyCount "93"]
[EventDate "2021.??.??"]
[EventType "blitz"]

1. e4 e5 2. Nf3 d5 3. exd5 e4 4. Qe2 Nf6 5. d3 Qxd5 6. Nbd2 Nc6 7. Nxe4 Be6 8.
Nxf6+ gxf6 9. c3 O-O-O 10. g3 Bc5 11. Bg2 Qxd3 12. Qxd3 Rxd3 13. O-O Rhd8 14.
Bf4 Bg4 15. Nh4 Ne5 16. Be4 R3d7 17. Bf5 Bxf5 18. Nxf5 Nd3 19. Bc1 Rd5 20. g4
Ne5 21. h3 Rd1 22. Be3 Rxa1 23. Rxa1 Bxe3 24. fxe3 Rd2 25. Rf1 Rxb2 26. Rf2
Rb1+ 27. Kg2 Rc1 28. Nh6 Rxc3 29. Rxf6 Rc6 30. Ng8 Rxf6 31. Nxf6 c5 32. Kf2 Kc7
33. Nxh7 b5 34. Nf6 a5 35. h4 a4 36. h5 b4 37. Ke2 b3 38. axb3 a3 39. Nd5+ Kd6
40. Nc3 Nxg4 41. Kf3 Ne5+ 42. Ke4 Ke6 43. h6 f5+ 44. Kf4 Nf7 45. h7 Kf6 46.
Nd5+ Kg6 47. Nc3 {Time forfeit} 1-0

[Event "Rated Blitz tournament 5485BpRt"]
[Site "?"]
[Date "2021.10.14"]
[Round "?"]
[White "espinozasgod"]
[Black "Lur15"]
[Result "1-0"]
[WhiteElo "2411"]
[BlackElo "2399"]
[PlyCount "65"]
[EventDate "2021.??.??"]
[EventType "blitz"]

1. e4 e5 2. Nf3 d5 3. exd5 e4 4. Qe2 Nf6 5. d3 Qxd5 6. Nbd2 Nc6 7. Nxe4 Be6 8.
Nxf6+ gxf6 9. Qe4 Qd7 10. Be2 O-O-O 11. O-O Re8 12. Be3 Bd6 13. Qa4 Rhg8 14.
Kh1 Rg4 15. c4 Rgg8 16. b4 Nxb4 17. Qxa7 Kd8 18. Qxb7 Nc6 19. c5 Be5 20. d4
Nxd4 21. Bxd4 Bxd4 22. Rad1 Bd5 23. Qa6 Bxc5 24. Rxd5 Qxd5 25. Rd1 Qxd1+ 26.
Bxd1 Bxf2 27. Ba4 Ref8 28. Qd3+ Kc8 29. Bd7+ Kb8 30. Qb5+ Ka7 31. Qa5+ Kb7 32.
Qb5+ Ka7 33. Bc6 {Normal} 1-0

[Event "Rated Blitz tournament bot2AiAw"]
[Site "?"]
[Date "2021.10.14"]
[Round "?"]
[White "espinozasgod"]
[Black "arrashii"]
[Result "1-0"]
[WhiteElo "2421"]
[BlackElo "2314"]
[PlyCount "57"]
[EventDate "2021.??.??"]
[EventType "blitz"]

1. e4 e5 2. Nf3 d5 3. exd5 e4 4. Qe2 Nf6 5. d3 Bb4+ 6. c3 O-O 7. dxe4 Bc5 8.
Bg5 h6 9. Bxf6 Qxf6 10. e5 Qb6 11. b4 Be7 12. Qe4 g6 13. Nbd2 a5 14. Nc4 Qb5
15. Nd4 Qa4 16. e6 f5 17. Qe3 Bg5 18. Qg3 axb4 19. f4 b5 20. fxg5 bxc4 21. gxh6
Kh7 22. Qe5 Kxh6 23. Bxc4 bxc3 24. O-O Qxc4 25. Rf3 Qc5 26. Kh1 g5 27. Nxf5+
Kh5 28. Rh3+ Kg4 29. Qe4# {Normal} 1-0

[Event "Rated Blitz tournament dqKbgYbe"]
[Site "?"]
[Date "2021.10.14"]
[Round "?"]
[White "NightOFzero"]
[Black "dr_xStranger"]
[Result "0-1"]
[WhiteElo "2421"]
[BlackElo "2573"]
[PlyCount "66"]
[EventDate "2021.??.??"]
[EventType "blitz"]

1. e4 e5 2. Nf3 d5 3. exd5 e4 4. Qe2 Nf6 5. Nc3 Be7 6. Nxe4 O-O 7. d3 Re8 8.
Bd2 Nxd5 9. O-O-O f5 10. Nc3 Nxc3 11. Bxc3 Bg5+ 12. Bd2 Rxe2 13. Bxg5 Re7 14.
Kb1 Nc6 15. d4 h6 16. Bc4+ Kh7 17. Bxe7 Qxe7 18. Rhe1 Qf6 19. d5 Na5 20. Bd3
Bd7 21. Ne5 Rd8 22. g4 Bc8 23. b4 Qb6 24. c3 Rxd5 25. Ka1 Rxe5 26. Rxe5 Nc6 27.
Re2 a5 28. Bxf5+ Bxf5 29. gxf5 axb4 30. cxb4 Qxb4 31. Rb2 Qc3 32. Rdb1 Nb4 33.
a3 Qxa3+ {Normal} 0-1

[Event "Rated Rapid game"]
[Site "?"]
[Date "2021.10.14"]
[Round "?"]
[White "Jpmendez"]
[Black "Kukarachenko"]
[Result "0-1"]
[WhiteElo "2370"]
[BlackElo "2473"]
[PlyCount "100"]
[EventDate "2021.??.??"]
[EventType "rapid"]

1. e4 e5 2. Nf3 d5 3. Nxe5 Bd6 4. d4 dxe4 5. Nc3 Nf6 6. Bc4 O-O 7. Bg5 Nbd7 8.
Nxe4 Nxe5 9. dxe5 Bxe5 10. Nxf6+ gxf6 11. Bh6 Qxd1+ 12. Rxd1 Re8 13. O-O Bxb2
14. Rd3 Bf5 15. Rb3 Be5 16. Rxb7 Bxc2 17. Be3 a5 18. Rc1 Be4 19. Ra7 Rxa7 20.
Bxa7 Kg7 21. f3 Bf5 22. Kf2 Rd8 23. Be3 Be6 24. Bxe6 fxe6 25. Rc5 Rd5 26. Rc6
Kf7 27. g3 Rb5 28. Rc2 Rb2 29. Rxb2 Bxb2 30. a4 Bc3 31. Bc5 e5 32. Ke3 Ke6 33.
Kd3 Bb4 34. Kc4 Bxc5 35. Kxc5 f5 36. h3 c6 37. g4 fxg4 38. fxg4 h6 39. h4 Kf6
40. Kc4 Ke6 41. Kc5 Kd7 42. Kc4 Kd6 43. Kc3 Kd5 44. Kd3 c5 45. Ke3 c4 46. Kd2
Ke4 47. Ke2 Kf4 48. g5 hxg5 49. h5 Kf5 50. Kf3 c3 {Normal} 0-1

[Event "Rated Blitz game"]
[Site "?"]
[Date "2021.10.13"]
[Round "?"]
[White "Nakigraw"]
[Black "Fantastic_power06"]
[Result "1/2-1/2"]
[WhiteElo "2784"]
[BlackElo "2792"]
[PlyCount "159"]
[EventDate "2021.??.??"]
[EventType "blitz"]

1. e4 e5 2. Nf3 d5 3. exd5 e4 4. Qe2 Nf6 5. d3 Qxd5 6. Nbd2 Nc6 7. dxe4 Qc5 8.
c3 Be6 9. Nb3 Qh5 10. Nbd4 Nxd4 11. Nxd4 Bg4 12. f3 Bd7 13. Be3 O-O-O 14. O-O-O
Qa5 15. Kb1 Bd6 16. Qc4 Rhe8 17. Be2 Be5 18. Nb3 Qa4 19. Qxa4 Bxa4 20. Bc4
Rxd1+ 21. Rxd1 Re7 22. Bc5 Rd7 23. Rxd7 Nxd7 24. Bg1 f6 25. Be6 Kd8 26. g3 b6
27. Nd4 Nc5 28. Bg8 h6 29. b3 Bd7 30. Kc2 Ke8 31. Bc4 Ke7 32. Be2 Ne6 33. f4
Bd6 34. Nf5+ Kf7 35. Nxd6+ cxd6 36. b4 Bc6 37. Bd3 Ke7 38. a4 Bxa4+ 39. Kd2 Bc6
40. Ke3 Nc7 41. Bf2 a5 42. Kd2 axb4 43. cxb4 b5 44. Ke3 Ke6 45. Be1 d5 46. f5+
Kd6 47. g4 dxe4 48. Bg3+ Kd7 49. Bxe4 Bxe4 50. Kxe4 Na6 51. Be1 Kc6 52. Kd4 Nc7
53. Bd2 Nd5 54. Ke4 Kd6 55. Kd4 Kc6 56. Be1 Kd6 57. h4 Kc6 58. Bd2 Ne7 59. Ke4
Nd5 60. g5 hxg5 61. hxg5 fxg5 62. Ke5 g4 63. Be1 g3 64. Bxg3 Nxb4 65. Ke6 Nd5
66. Be5 Ne3 67. Bxg7 Nxf5 68. Kxf5 Kd5 69. Kf4 Kc4 70. Ke3 b4 71. Kd2 Kb3 72.
Kc1 Ka4 73. Bb2 Kb5 74. Kb1 Kc4 75. Kc2 Kb5 76. Bc1 Kc4 77. Kb2 Kb5 78. Kb3 Ka5
79. Bd2 Kb5 80. Bxb4 {Normal} 1/2-1/2

[Event "Rated Blitz game"]
[Site "?"]
[Date "2021.10.13"]
[Round "?"]
[White "Trumen_Kapote"]
[Black "ALJHuNNz"]
[Result "1-0"]
[WhiteElo "2485"]
[BlackElo "2486"]
[PlyCount "75"]
[EventDate "2021.??.??"]
[EventType "blitz"]

1. e4 e5 2. Nf3 d5 3. Nxe5 dxe4 4. d4 Bd6 5. Nc4 Nc6 6. Nc3 Nf6 7. Bg5 Bf5 8.
Be2 h6 9. Bh4 g5 10. Bg3 Bxg3 11. hxg3 Qxd4 12. Nb5 Qxd1+ 13. Rxd1 Rc8 14.
Nbd6+ cxd6 15. Nxd6+ Kf8 16. Nxf5 h5 17. Nd6 Rc7 18. c3 Kg7 19. Nb5 Re7 20. Rd6
e3 21. f3 Ne5 22. Nd4 Rd7 23. Nf5+ Kg6 24. Rxd7 Nexd7 25. g4 h4 26. Nxe3 Re8
27. Bd3+ Kg7 28. Kf2 Ne5 29. Nf5+ Kf8 30. Rd1 Nd5 31. Be4 Nf4 32. Rd6 Rc8 33.
Rd4 Re8 34. Rb4 b6 35. Rd4 b5 36. Rd6 Rb8 37. Rh6 Nc4 38. Rh8# {Normal} 1-0

[Event "Rated Blitz game"]
[Site "?"]
[Date "2021.10.13"]
[Round "?"]
[White "resiliente99"]
[Black "elcabusin"]
[Result "1-0"]
[WhiteElo "2742"]
[BlackElo "2578"]
[PlyCount "157"]
[EventDate "2021.??.??"]
[EventType "blitz"]

1. e4 e5 2. Nf3 d5 3. exd5 e4 4. Qe2 Nf6 5. d3 Qxd5 6. Nc3 Bb4 7. Bd2 Bxc3 8.
Bxc3 O-O 9. Nd2 exd3 10. Qxd3 Re8+ 11. Be2 Qxd3 12. cxd3 Nd5 13. Kd1 Nf4 14.
Re1 Bf5 15. Ne4 Nc6 16. Bf1 Rad8 17. Kc2 b5 18. a3 a5 19. b4 a4 20. Rac1 Ne6
21. Kb2 h6 22. f3 Nf4 23. Rcd1 Nd4 24. Nc5 Nde6 25. d4 Nxc5 26. bxc5 c6 27. g3
Nd5 28. Ba5 Ra8 29. Bd2 Rab8 30. Re5 Be6 31. f4 g6 32. Rde1 b4 33. Bc4 bxa3+
34. Kxa3 Nc7 35. Bxe6 Nxe6 36. d5 cxd5 37. Bb4 d4 38. c6 Rbc8 39. Rc1 d3 40.
Rd5 Red8 41. Rxd8+ Rxd8 42. Kxa4 d2 43. Rd1 Rc8 44. Kb5 Nd4+ 45. Ka4 Nxc6 46.
Rxd2 Nxb4 47. Kxb4 Kg7 48. Re2 Rb8+ 49. Kc3 Rd8 50. Rd2 Rc8+ 51. Kd3 Re8 52.
Re2 Rd8+ 53. Ke3 Ra8 54. Kf3 h5 55. h3 Ra3+ 56. Re3 Ra5 57. g4 Ra1 58. Kg3 hxg4
59. hxg4 Rg1+ 60. Kh3 Rf1 61. Kg3 Rh1 62. Rf3 Rg1+ 63. Kh3 Rh1+ 64. Kg3 Rd1 65.
g5 Rd5 66. Re3 Rf5 67. Kf3 Ra5 68. Kg4 Ra1 69. Re5 Rg1+ 70. Kf3 Rf1+ 71. Ke4
Re1+ 72. Kd4 Rf1 73. Re4 Rd1+ 74. Ke5 Rf1 75. Rd4 Rd1 76. Kd6 Rxd4+ 77. Ke5
Rxf4 78. Kxf4 f6 79. Ke4 {Time forfeit} 1-0

[Event "Rated Rapid game"]
[Site "?"]
[Date "2021.10.13"]
[Round "?"]
[White "Ludovikus"]
[Black "bluebeard23"]
[Result "1-0"]
[WhiteElo "2408"]
[BlackElo "2220"]
[PlyCount "83"]
[EventDate "2021.??.??"]
[EventType "rapid"]

1. e4 e5 2. Nf3 d5 3. Nxe5 Bd6 4. d4 dxe4 5. Bc4 Bxe5 6. dxe5 Qxd1+ 7. Kxd1
Bg4+ 8. Be2 Bxe2+ 9. Kxe2 Nc6 10. Bf4 Nge7 11. Nc3 Nd4+ 12. Kd1 O-O-O 13. Kc1
Ng6 14. Bg3 Rhe8 15. Re1 Nxe5 16. Rxe4 Ndc6 17. h3 Ng6 18. Rxe8 Rxe8 19. f3 Nd4
20. Bf2 Ne2+ 21. Kd2 Nxc3 22. Kxc3 Nf4 23. g3 Nxh3 24. Bd4 f6 25. f4 g5 26.
fxg5 Nxg5 27. Kd3 Rd8 28. Ke3 Re8+ 29. Kd3 Rd8 30. Ke3 f5 31. Rh1 Re8+ 32. Kd3
Rd8 33. Ke3 Ne4 34. Rxh7 Nxg3 35. Be5 Re8 36. Kf4 c6 37. Rc7+ Kd8 38. Rxb7 Kc8
39. Rxa7 c5 40. Ra8+ Kd7 41. Rxe8 Kxe8 42. Kxg3 {Normal} 1-0

[Event "Rated Blitz game"]
[Site "?"]
[Date "2021.10.13"]
[Round "?"]
[White "Tinu24"]
[Black "Benny_Watts_2005"]
[Result "0-1"]
[WhiteElo "2411"]
[BlackElo "2348"]
[PlyCount "90"]
[EventDate "2021.??.??"]
[EventType "blitz"]

1. e4 e5 2. Nf3 d5 3. exd5 e4 4. Nd4 Qxd5 5. Nb5 Na6 6. d4 c6 7. N5c3 Qf5 8.
Qe2 Bb4 9. Bd2 Nf6 10. a3 Bxc3 11. Nxc3 O-O 12. O-O-O Be6 13. h3 Nc7 14. g4 Qg6
15. Bg2 Bd5 16. Bf4 Ne6 17. Be5 Nd7 18. Bd6 Rfe8 19. Bxe4 Bxe4 20. Qxe4 Qxe4
21. Nxe4 Nb6 22. Rhe1 Rad8 23. Bg3 Nxd4 24. Nd6 Ne2+ 25. Kb1 Re6 26. Nxb7 Rde8
27. Ka2 Nc3+ 28. bxc3 Rxe1 29. Rd6 R1e6 30. Rd3 Nd5 31. c4 Nb6 32. Kb3 h6 33.
a4 Nc8 34. a5 Ne7 35. a6 Ng6 36. Rd7 Ne5 37. Rc7 Nf3 38. Nd6 Rb8+ 39. Ka4 Rb1
40. Rxa7 Nd4 41. Nxf7 Re2 42. Ne5 Rxc2 43. Ra8+ Kh7 44. Ka3 Rb3+ 45. Ka4 Ra2# {
Normal} 0-1

[Event "Rated Blitz tournament 0WmCPfB9"]
[Site "?"]
[Date "2021.10.13"]
[Round "?"]
[White "dedo4"]
[Black "edrez"]
[Result "1-0"]
[WhiteElo "2422"]
[BlackElo "2281"]
[PlyCount "65"]
[EventDate "2021.??.??"]
[EventType "blitz"]

1. e4 e5 2. Nf3 d5 3. exd5 e4 4. Qe2 Nf6 5. Nc3 Be7 6. Nxe4 O-O 7. Nxf6+ Bxf6
8. d4 Qxd5 9. Be3 Bg4 10. c4 Qd7 11. h3 Bxf3 12. Qxf3 Nc6 13. Bd3 Nxd4 14. Qe4
g6 15. O-O-O Rae8 16. Qg4 Qxg4 17. hxg4 Nc6 18. g5 Bg7 19. Rh4 f6 20. Rdh1 fxg5
21. Rxh7 Ne5 22. Be2 g4 23. Bd4 b6 24. Bxg4 Nd3+ 25. Kd2 Bxd4 26. Kxd3 Bxf2 27.
Rxc7 Re3+ 28. Kc2 Re4 29. Bf3 Rxf3 30. gxf3 Re2+ 31. Kc3 Bc5 32. Rd1 a5 33.
Rd8+ {Normal} 1-0

[Event "Rated Blitz game"]
[Site "?"]
[Date "2021.10.13"]
[Round "?"]
[White "divergent_twin"]
[Black "Annali-annaliew1979"]
[Result "1-0"]
[WhiteElo "2582"]
[BlackElo "2485"]
[PlyCount "53"]
[EventDate "2021.??.??"]
[EventType "blitz"]

1. e4 e5 2. Nf3 d5 3. Nxe5 Qe7 4. d4 f6 5. Ng4 Nc6 6. Ne3 Qxe4 7. c3 Nge7 8.
Be2 Qe6 9. O-O Ng6 10. Re1 Bd6 11. Bf3 Nce7 12. Nxd5 Qd7 13. Nxe7 Nxe7 14. Qb3
c6 15. Nd2 Qc7 16. h3 Bf5 17. Nc4 O-O-O 18. Nxd6+ Qxd6 19. Be3 Rhe8 20. d5 c5
21. Qa3 Nxd5 22. Bxc5 Qc7 23. Qxa7 b6 24. Qa6+ Kb8 25. Rxe8 Rxe8 26. Bxd5 Qxc5
27. Qb7# {Normal} 1-0

[Event "Rated Blitz game"]
[Site "?"]
[Date "2021.10.13"]
[Round "?"]
[White "NorconDaGawd"]
[Black "specialprize4u"]
[Result "1/2-1/2"]
[WhiteElo "2283"]
[BlackElo "2410"]
[PlyCount "134"]
[EventDate "2021.??.??"]
[EventType "blitz"]

1. e4 e5 2. Nf3 d5 3. exd5 e4 4. Qe2 Nf6 5. Nc3 Be7 6. Nxe4 O-O 7. Nxf6+ Bxf6
8. d4 Qxd5 9. Be3 Bg4 10. c3 Nc6 11. h3 Bh5 12. g4 Bg6 13. Bg2 h5 14. Nh4 Be4
15. Bxe4 Qxe4 16. Qf3 Qd3 17. Nf5 Rfe8 18. Rd1 Qc4 19. Rg1 hxg4 20. Qxg4 g6 21.
Qh5 Bg7 22. Qg5 Qe6 23. Nxg7 Kxg7 24. d5 Ne5 25. dxe6 Nf3+ 26. Kf1 Nxg5 27.
Rxg5 Rxe6 28. Rd7 Rc8 29. Bd4+ Kg8 30. Rgd5 c6 31. Rd8+ Re8 32. Rxc8 Rxc8 33.
Rd7 c5 34. Bf6 Rb8 35. Be5 Re8 36. Bf6 Rb8 37. Rc7 b6 38. Rxa7 b5 39. Rc7 b4
40. Rxc5 bxc3 41. Rxc3 Ra8 42. a4 g5 43. b3 Kh7 44. Bxg5 Kg6 45. Be3 Rd8 46.
Rc6+ Kf5 47. a5 Ke4 48. a6 Rb8 49. a7 Ra8 50. Rc7 Kd3 51. b4 f5 52. b5 f4 53.
Bxf4 Ke4 54. Be3 Kd3 55. b6 Rh8 56. b7 Rxh3 57. b8=Q Rh1+ 58. Kg2 Rd1 59. Qb3+
Ke2 60. Rc2+ Ke1 61. Bd2+ Ke2 62. Bc3+ Kd3 63. Qe6 Kxc2 64. Qf5+ Kb3 65. Qc5
Rg1+ 66. Kxg1 Kc2 67. Qc6 Kb1 {Time forfeit} 1/2-1/2

[Event "Rated Blitz game"]
[Site "?"]
[Date "2021.10.13"]
[Round "?"]
[White "Pandatoast"]
[Black "Annali-annaliew1979"]
[Result "0-1"]
[WhiteElo "2574"]
[BlackElo "2478"]
[PlyCount "118"]
[EventDate "2021.??.??"]
[EventType "blitz"]

1. e4 e5 2. Nf3 d5 3. exd5 e4 4. Bb5+ c6 5. dxc6 bxc6 6. Qe2 cxb5 7. O-O Nf6 8.
Nc3 Be7 9. Nxe4 Bb7 10. Qxb5+ Bc6 11. Nxf6+ Bxf6 12. Re1+ Be7 13. Qc5 Bxf3 14.
gxf3 Nd7 15. Qa3 Kf8 16. Qa4 Nb6 17. Qg4 h5 18. Qf5 g6 19. Qe4 Bf6 20. c3 Kg7
21. d4 Re8 22. Qxe8 Qxe8 23. Rxe8 Rxe8 24. Kf1 Nd5 25. Bd2 h4 26. Rd1 Rb8 27.
b3 Ne7 28. Be3 Nf5 29. c4 a5 30. Ke2 a4 31. Rd3 axb3 32. axb3 Ra8 33. c5 Ra2+
34. Kd1 Nxe3+ 35. fxe3 Rxh2 36. c6 Bd8 37. d5 h3 38. d6 Rh1+ 39. Kd2 h2 40. c7
Rd1+ 41. Kxd1 h1=Q+ 42. Kc2 Bxc7 43. dxc7 Qh2+ 44. Kd1 Qxc7 45. e4 g5 46. Ke2
Kg6 47. b4 Qb6 48. Rd5 Qxb4 49. Kf2 f6 50. Rf5 Qd2+ 51. Kg3 Kh5 52. Kh3 Qd7 53.
Kg3 Kg6 54. Kg4 Qd1 55. Kg3 Qg1+ 56. Kh3 Kh5 57. Rxf6 g4+ 58. fxg4+ Qxg4+ 59.
Kh2 Qh4+ {Normal} 0-1

[Event "Rated Blitz game"]
[Site "?"]
[Date "2021.10.13"]
[Round "?"]
[White "Abusirin1442"]
[Black "ALJANDro76"]
[Result "1-0"]
[WhiteElo "2302"]
[BlackElo "2420"]
[PlyCount "59"]
[EventDate "2021.??.??"]
[EventType "blitz"]

1. e4 e5 2. Nf3 d5 3. exd5 e4 4. Qe2 Nf6 5. Ng5 Qxd5 6. d3 Be7 7. Nc3 Qe5 8.
dxe4 Nc6 9. f4 Qa5 10. Bd2 Nd4 11. Qc4 Nxc2+ 12. Kd1 Nxa1 13. Qxf7+ Kd8 14. e5
Bg4+ 15. Kc1 Nd7 16. Qxg7 Rf8 17. Nxh7 Bf5 18. Nxf8 Bxf8 19. Qg5+ Be7 20. Qxf5
b5 21. Qb1 b4 22. Nd5 Qc5+ 23. Nc3 bxc3 24. Bxc3 Qe3+ 25. Bd2 Qc5+ 26. Bc3 Qe3+
27. Kd1 Qc5 28. Qxa1 Qd5+ 29. Bd2 Qe4 30. Qc1 {Time forfeit} 1-0

[Event "Rated Blitz game"]
[Site "?"]
[Date "2021.10.13"]
[Round "?"]
[White "IesPak"]
[Black "vendetto"]
[Result "0-1"]
[WhiteElo "2421"]
[BlackElo "2301"]
[PlyCount "116"]
[EventDate "2021.??.??"]
[EventType "blitz"]

1. e4 e5 2. Nf3 d5 3. Nc3 dxe4 4. Nxe4 f5 5. Ng3 e4 6. Ne5 Be6 7. d4 Nd7 8. f4
Ngf6 9. Be3 c5 10. Be2 Bd6 11. O-O O-O 12. Nxd7 Nxd7 13. d5 Bf7 14. c4 g6 15.
Rc1 Re8 16. Qa4 Nb6 17. Qc2 Qf6 18. Bd2 Bf8 19. Bc3 Qd6 20. Rfd1 Bg7 21. Nf1
Rad8 22. g3 Nc8 23. Ne3 Qe7 24. b4 b6 25. a3 Nd6 26. Kh1 Rf8 27. Qb2 Be8 28.
Rg1 Bxc3 29. Qxc3 Qg7 30. g4 Qxc3 31. Rxc3 Bd7 32. g5 Kf7 33. h4 Rh8 34. Kg2 h6
35. Kg3 hxg5 36. fxg5 Ke7 37. Ng2 f4+ 38. Nxf4 Nf5+ 39. Kf2 Nxh4 40. Rh1 Kf7
41. Rch3 Bxh3 42. Rxh3 Nf5 43. Rc3 Rh2+ 44. Ke1 e3 45. Kd1 Rh1+ 46. Kc2 Nd4+
47. Kd3 Re8 48. bxc5 bxc5 49. Ne6 Rh2 50. Nxd4 cxd4 51. Kxd4 Rd8 52. c5 Rc8 53.
d6 Rxe2 54. Rc4 Rd2+ 55. Kxe3 Rd1 56. c6 Rxc6 57. d7 Re1+ 58. Kf2 Re3 {Time
forfeit} 0-1

[Event "Rated Blitz game"]
[Site "?"]
[Date "2021.10.13"]
[Round "?"]
[White "nebulo89"]
[Black "Annali-annaliew1979"]
[Result "1-0"]
[WhiteElo "2541"]
[BlackElo "2490"]
[PlyCount "79"]
[EventDate "2021.??.??"]
[EventType "blitz"]

1. e4 e5 2. Nf3 d5 3. exd5 e4 4. Nd4 c5 5. Nb3 f5 6. c4 Nf6 7. Nc3 Bd6 8. d3
O-O 9. dxe4 Nxe4 10. Nxe4 fxe4 11. Be3 a6 12. Qd2 Bg4 13. h3 Bh5 14. g4 Bg6 15.
Bg2 Qe7 16. O-O-O Nd7 17. Kb1 b5 18. Na5 bxc4 19. Nc6 Qf6 20. Ka1 Ne5 21. Nxe5
Bxe5 22. Bxc5 Rfb8 23. Ba3 c3 24. Qc2 e3 25. Be4 Bxe4 26. Qxe4 cxb2+ 27. Kb1
exf2 28. d6 Rd8 29. d7 Rab8 30. Rhf1 h6 31. Rd5 Rb5 32. Bc5 Rxc5 33. Rxc5 Rxd7
34. Rxe5 g6 35. Rxf2 Rd1+ 36. Kxb2 Qxf2+ 37. Kb3 Qb6+ 38. Kc2 Qb1+ 39. Kc3 Qb2+
40. Kxb2 {Normal} 1-0

[Event "Rated Blitz game"]
[Site "?"]
[Date "2021.10.13"]
[Round "?"]
[White "novik70"]
[Black "KamranShirazi"]
[Result "0-1"]
[WhiteElo "2522"]
[BlackElo "2554"]
[PlyCount "62"]
[EventDate "2021.??.??"]
[EventType "blitz"]

1. e4 e5 2. Nf3 d5 3. d4 dxe4 4. Nxe5 Nd7 5. Nxd7 Bxd7 6. Bc4 f5 7. O-O Nf6 8.
c3 Bd6 9. f3 Qe7 10. fxe4 Nxe4 11. Nd2 O-O-O 12. Nxe4 fxe4 13. Bf4 Rhf8 14.
Bxd6 cxd6 15. Qh5 g6 16. Qe2 Bc6 17. d5 Bd7 18. Qe3 Kb8 19. Be2 Qe5 20. Rxf8
Rxf8 21. Rd1 h5 22. Qd4 Qg5 23. Qxe4 Re8 24. Qd3 Bf5 25. Qd2 Re3 26. Bf1 Qe7
27. Kf2 Re5 28. Re1 Qh4+ 29. g3 Qxh2+ 30. Bg2 Bh3 31. Rg1 Rf5+ {Normal} 0-1

[Event "Rated Blitz game"]
[Site "?"]
[Date "2021.10.13"]
[Round "?"]
[White "Uchiki"]
[Black "RiskyBlitzer"]
[Result "1-0"]
[WhiteElo "2574"]
[BlackElo "2522"]
[PlyCount "109"]
[EventDate "2021.??.??"]
[EventType "blitz"]

1. e4 e5 2. Nf3 d5 3. exd5 e4 4. Ne5 Qxd5 5. d4 exd3 6. Nxd3 Nf6 7. Nc3 Qe6+ 8.
Be2 Bd6 9. O-O O-O 10. Re1 Nc6 11. Bf3 Qf5 12. Ne4 Nxe4 13. Bxe4 Qf6 14. Qh5 g6
15. Qh6 Nd4 16. Bg5 Qg7 17. Rac1 Ne6 18. Bd2 c6 19. Qh4 g5 20. Qh5 f5 21. Bf3
Bd7 22. Bc3 Qg6 23. Ne5 Qxh5 24. Bxh5 Be8 25. Bxe8 Raxe8 26. Nd7 Nf4 27. Nxf8
Rxf8 28. Be5 Bxe5 29. Rxe5 Kg7 30. g3 Ng6 31. Re2 f4 32. Rd1 Rf7 33. Red2 Ne5
34. Kg2 h5 35. Rd6 h4 36. gxh4 g4 37. Re6 Ng6 38. h5 Nh4+ 39. Kh1 Nf3 40. Rg6+
Kh7 41. Rxg4 Ne5 42. Rg5 Nf3 43. Rg2 Nh4 44. Rg4 Nf3 45. Rd3 Ne5 46. Rh4 Nxd3
47. cxd3 f3 48. Rh3 Kh6 49. Kg1 Rf5 50. Kf1 Rb5 51. Rxf3 Rxb2 52. Kg2 Rxa2 53.
Rf7 Kxh5 54. Rxb7 c5 55. Rc7 {Time forfeit} 1-0

[Event "Rated Blitz game"]
[Site "?"]
[Date "2021.10.13"]
[Round "?"]
[White "Plmlgs99"]
[Black "ReinaldoR"]
[Result "1/2-1/2"]
[WhiteElo "2492"]
[BlackElo "2498"]
[PlyCount "59"]
[EventDate "2021.??.??"]
[EventType "blitz"]

1. e4 e5 2. Nf3 d5 3. d3 Nc6 4. Nbd2 Nf6 5. Be2 g6 6. O-O Bg7 7. c3 a5 8. b3
O-O 9. a3 Re8 10. Bb2 h6 11. b4 axb4 12. axb4 Rxa1 13. Bxa1 Qd6 14. Qc2 Nh5 15.
Rd1 Nf4 16. Bf1 d4 17. b5 dxc3 18. bxc6 cxd2 19. cxb7 Bxb7 20. Nxd2 Ba6 21. Nc4
Bxc4 22. Qxc4 c5 23. g3 Ne6 24. h4 h5 25. Bh3 Nd4 26. Bxd4 cxd4 27. Rb1 Bh6 28.
Bc8 Bf8 29. Rb5 Kg7 30. Bb7 {Normal} 1/2-1/2

[Event "Rated Blitz game"]
[Site "?"]
[Date "2021.10.13"]
[Round "?"]
[White "Zero_tolerance"]
[Black "geptil"]
[Result "1-0"]
[WhiteElo "2557"]
[BlackElo "2468"]
[PlyCount "57"]
[EventDate "2021.??.??"]
[EventType "blitz"]

1. e4 e5 2. Nf3 d5 3. Nxe5 Bd6 4. d4 dxe4 5. Nc4 Nf6 6. Bg5 O-O 7. Be2 Be7 8.
O-O Nc6 9. c3 Nd5 10. Bxe7 Ncxe7 11. Nbd2 f5 12. Ne3 Nf4 13. Bc4+ Be6 14. f3
Bxc4 15. Ndxc4 Nd3 16. fxe4 fxe4 17. Qg4 b5 18. Qe6+ Kh8 19. Ne5 Qd6 20. Nf7+
Rxf7 21. Qxf7 h6 22. Rab1 c5 23. Nc2 Nd5 24. dxc5 Qxc5+ 25. Nd4 N5f4 26. Rxf4
Nxf4 27. Qxf4 b4 28. Qxe4 bxc3 29. Qxa8+ {Normal} 1-0

[Event "Rated Blitz game"]
[Site "?"]
[Date "2021.10.13"]
[Round "?"]
[White "TracteurLeMathias"]
[Black "vendetto"]
[Result "1-0"]
[WhiteElo "2444"]
[BlackElo "2311"]
[PlyCount "81"]
[EventDate "2021.??.??"]
[EventType "blitz"]

1. e4 e5 2. Nf3 d5 3. exd5 e4 4. Qe2 Nf6 5. d3 Qxd5 6. Nc3 Bb4 7. Nd2 Nc6 8.
Ncxe4 Be6 9. Nxf6+ gxf6 10. c3 Ba5 11. Qe4 Qd7 12. Nc4 O-O-O 13. Nxa5 Nxa5 14.
Be3 f5 15. Qb4 Nc6 16. Qa4 Kb8 17. Be2 Bd5 18. Rg1 a6 19. O-O-O Rhe8 20. Kb1
Qe6 21. g3 Rd6 22. Rge1 Ne5 23. Bf4 Rb6 24. d4 Nc6 25. Bd2 Be4+ 26. Ka1 Qd5 27.
Be3 Na5 28. f3 Nb3+ 29. axb3 Bc2 30. Bc4 Bxb3 31. Qxb3 Rxb3 32. Bxd5 Rb5 33.
Bc4 Rd8 34. b3 Rb6 35. Bf4 Rc6 36. Re7 Re6 37. Rxc7 Ka8 38. Rxb7 Rxd4 39. Re1
Rd1+ 40. Rxd1 Rb6 41. Rb8+ {Time forfeit} 1-0

[Event "Rated Blitz tournament 3pzlJwFe"]
[Site "?"]
[Date "2021.10.13"]
[Round "?"]
[White "YEIKOCASTELLA"]
[Black "cuerosky"]
[Result "1-0"]
[WhiteElo "2450"]
[BlackElo "2311"]
[PlyCount "107"]
[EventDate "2021.??.??"]
[EventType "blitz"]

1. e4 e5 2. Nf3 d5 3. exd5 e4 4. Ne5 Qxd5 5. d4 exd3 6. Nxd3 Nf6 7. Nc3 Qd8 8.
Bf4 Be7 9. Nb5 Na6 10. Ne5 O-O 11. Qxd8 Bxd8 12. a3 Nd5 13. Bg3 Bf6 14. O-O-O
Be6 15. Bc4 c6 16. Nd4 Bxe5 17. Bxe5 Bd7 18. Rhe1 Rfe8 19. Ba2 Rad8 20. c4 Ndc7
21. b4 f6 22. Bg3 Rxe1 23. Rxe1 g6 24. c5+ Kg7 25. Re7+ Kh6 26. h4 g5 27. Rf7
Kg6 28. h5+ Kxh5 29. Rxf6 Be8 30. Nf5 Bg6 31. Ng7+ Kh6 32. Nf5+ Kh5 33. Nd6 b6
34. Bc4 b5 35. Be2+ g4 36. f3 Nd5 37. fxg4+ Kg5 38. Re6 Nc3 39. Bf3 Rf8 40. Nf5
Bxf5 41. gxf5 Rxf5 42. Rxc6 Rxf3 43. gxf3 Ne2+ 44. Kd2 Nxg3 45. Rxa6 h5 46. c6
h4 47. c7 Nf5 48. c8=Q Kf4 49. Rf6 h3 50. Qxf5+ Kg3 51. Rg6+ Kf2 52. Qxh3 a6
53. f4 a5 54. Rg2+ {Time forfeit} 1-0

[Event "Rated Blitz game"]
[Site "?"]
[Date "2021.10.13"]
[Round "?"]
[White "Dimpet"]
[Black "Dzon_Vejn"]
[Result "0-1"]
[WhiteElo "2578"]
[BlackElo "2503"]
[PlyCount "122"]
[EventDate "2021.??.??"]
[EventType "blitz"]

1. e4 e5 2. Nf3 d5 3. Nxe5 Bd6 4. d4 dxe4 5. Nc4 Be7 6. Be2 Nf6 7. O-O O-O 8.
Bf4 Bf5 9. Ne3 Bg6 10. c4 c5 11. d5 Bd6 12. Bg5 Nbd7 13. Nc3 a6 14. Rb1 h6 15.
Bh4 Be5 16. a3 Bxc3 17. bxc3 b6 18. a4 a5 19. Qd2 Re8 20. Rfd1 Qe7 21. Nc2 Rab8
22. h3 e3 23. Nxe3 Bxb1 24. Rxb1 Ne4 25. Bxe7 Nxd2 26. Rd1 Nxc4 27. Bxc4 Rxe7
28. d6 Ree8 29. Bb5 Rbd8 30. Nc4 Re6 31. f4 g6 32. g4 Kg7 33. Kf2 f5 34. Ne3
fxg4 35. hxg4 Nf6 36. d7 Ne4+ 37. Kf3 Nxc3 38. Rb1 Nxb5 39. Rxb5 Rxd7 40. Nc4
Rd4 41. Nxb6 Rb4 42. Rxb4 cxb4 43. Nc4 b3 44. Nb2 g5 45. f5 Re8 46. Kf2 Kf6 47.
Kf3 h5 48. gxh5 Kxf5 49. h6 Rh8 50. Ke3 Rxh6 51. Kd3 Rh2 52. Kc3 Rxb2 53. Kxb2
g4 54. Kxb3 g3 55. Kc4 g2 56. Kb5 g1=Q 57. Kxa5 Qa7+ 58. Kb5 Ke6 59. a5 Ke7 60.
a6 Kd7 61. Kc4 Kc6 {Normal} 0-1